| 000 | 00369nam a22001577a 4500 | ||
|---|---|---|---|
| 003 | SGT | ||
| 082 |
_a610.734 _bC96S |
||
| 100 | _aSTANHOPE, MARCIA | ||
| 245 | _aCOMMUNITY HEALTH NURSING | ||
| 250 | _a4TH | ||
| 260 |
_aST. LAUIS _bMOSBY PUB _c1996 |
||
| 300 | _a1124 | ||
| 650 | _aCOMMUNITY HEALTH NURSING | ||
| 653 | _aCOMMUNITY HEALTH NURSING | ||
| 942 |
_2ddc _cBK |
||
| 999 |
_c23507 _d23507 |
||